Federative Units of Brazil - Sudden Death - Statistics

General Stats
  • This quiz has been taken 34 times
  • The average score is 6 of 11
Answers on the Grid
Answers color-coded by a green-red scale on the quiz's grid according to % correct below.
Espírito Santo
Rio Grande
Pará
Cisplatina
Entre Ríos
Paraná
Salta
Rio Grande do Norte
Guardia
Algarve
Mato Grosso do Sul
São Paulo
Bahia
Andalusia
Paraíba
Distrito Federal
Cabinda
Maranhão
Acre
Cabo Delgado
 
Answer Stats
Answer % Correct
Espírito Santo
84%
Pará
63%
São Paulo
63%
Bahia
58%
Rio Grande do Norte
58%
Acre
53%
Distrito Federal
53%
Paraná
53%
Mato Grosso do Sul
47%
Paraíba
47%
Maranhão
37%
No matching quizzes found
Score Distribution
Percent of People with Each Score
Percentile by Number Answered
Your Score History
You have not taken this quiz